000 00896nam a22002297a 4500
005 20250516150223.0
008 250516b |||||||| |||| 00| 0 eng d
020 _a978-81-972262-0-5 (pbk)
037 _cTB
040 _aCRL
_cCRL
041 _2Pun
_aPun
084 _aO153,6x R4
_qCRL
100 _aਢੀਂਗਰਾ, ਪਰਮਜੀਤ
_9784909
245 _aਕਿਤਾਬ ਜੋ ਅਜੇ ਬਾਕੀ ਹੈ
260 _aਸੰਗਰੂਰ, ਭਾਰਤ:
_bਰਿਥਿੰਕ ਪਬਲਿਸ਼ਰ,
_c2024.
300 _a292 ਪ.
365 _b 499.00
_cINR
650 _aਪੰਜਾਬੀ ਸਾਹਿਤ
_9784910
650 _aਪੰਜਾਬੀ ਨਿਬੰਧ
_9784911
942 _2CC
_cTB
_hO153,6x R4
_n0
999 _c1401042
_d1401042